EMI and Beyond (Record no. 10399)
[ view plain ]
| 000 -LEADER | |
|---|---|
| fixed length control field | 00660nam a2200133Ia 4500 |
| 008 - FIXED-LENGTH DATA ELEMENTS--GENERAL INFORMATION | |
| fixed length control field | 220615s9999||||xx |||||||||||||| ||und|| |
| 100 ## - MAIN ENTRY--PERSONAL NAME | |
| Personal name | Bagni, Marco||Borsetto, Elena||Costa, Francesca||Dalziel, Fiona||Mair, Olivia||Mastellotto, Lynn||Murphy, Amanda C.||Polli, Chiara||Quick, Emma||Ricci Garotti, Federica||Zanin, Renata |
| 245 #0 - TITLE STATEMENT | |
| Title | EMI and Beyond |
| Remainder of title | Internationalising Higher Education Curricula in Italy |
| 546 ## - LANGUAGE NOTE | |
| Language note | English[eng] |
| 650 ## - SUBJECT ADDED ENTRY--TOPICAL TERM | |
| Topical term or geographic name entry element | Italy||Higher Education||English Teaching||Language Policies |
| 700 ## - ADDED ENTRY--PERSONAL NAME | |
| Personal name | Mastellotto, Lynn||Zanin, Renata |
| 856 ## - ELECTRONIC LOCATION AND ACCESS | |
| Uniform Resource Identifier | <a href="https://library.oapen.org/bitstream/20.500.12657/51669/1/9788860461810.pdf">https://library.oapen.org/bitstream/20.500.12657/51669/1/9788860461810.pdf</a> |
| 942 ## - ADDED ENTRY ELEMENTS (KOHA) | |
| Koha item type | E-Books |
| Withdrawn status | Lost status | Damaged status | Not for loan | Home library | Current library | Date acquired | Total Checkouts | Date last seen | Price effective from | Koha item type |
|---|---|---|---|---|---|---|---|---|---|---|
| Kerala University of Digital Sciences, Innovation and Technology Knowledge Centre | Kerala University of Digital Sciences, Innovation and Technology Knowledge Centre | 15/06/2022 | 15/06/2022 | 15/06/2022 | E-Books |